Taman Pertanian Bukit Cerakah, Shah Alam Selangor Darul Ehsan

Bibliographic Details
Corporate Author: INSTITUT Penyelidikan dan Kemajuan Pertanian Malaysia (MARDI)
Format: Book
Published: (Kuala Lumpur : MARDI , 1988)
Edition:2nd ed.
Subjects:

MARC

LEADER 00000cam a2200000 7i4500
001 0000000755
005 20020306.0
090 0 0 |a 790.06809595115   |b INS 1988 
110 1 0 |a INSTITUT Penyelidikan dan Kemajuan Pertanian Malaysia (MARDI) 
245 0 0 |a Taman Pertanian Bukit Cerakah, Shah Alam Selangor Darul Ehsan   |c disediakan oleh (MARDI) 
250 0 0 |a 2nd ed. 
260 0 0 |a (Kuala Lumpur :   |b MARDI ,   |c 1988) 
300 |a 36 p., vi :   |b photos., folded maps ;   |c 30 cm. 
650 0 0 |a Parks   |z Selangor 
998 |a JPSM 
999 |a 0000001828   |b Monograph   |c Open Shelf   |e Default branch